Théâtre tragique / (Record no. 102524)
[ view plain ]
| 000 -LEADER | |
|---|---|
| campo de control de longitud fija | 00662nam a2200193 i 4500 |
| 001 - NÚMERO DE CONTROL | |
| campo de control | 102524 |
| 003 - IDENTIFICADOR DE NÚMERO DE CONTROL | |
| campo de control | ES-MaACL |
| 005 - FECHA Y HORA DE LA ÚLTIMA TRANSACCIÓN | |
| campo de control | 20230906183127.0 |
| 007 - CAMPO FIJO DE DESCRIPCIÓN FÍSICA--INFORMACIÓN GENERAL | |
| campo de control de longitud fija | t| |
| 008 - DATOS DE LONGITUD FIJA--INFORMACIÓN GENERAL | |
| campo de control de longitud fija | 051111s1922 fr ||||1| fre d |
| 100 1# - ENTRADA PRINCIPAL--NOMBRE DE PERSONA | |
| Nombre de persona | Merezhkovsky, Dmitry Sergeyevich. |
| 9 (RLIN) | 80486 |
| 245 10 - MENCIÓN DEL TÍTULO | |
| Título | Théâtre tragique / |
| Mención de responsabilidad, etc. | Dmitri Mérejkowsky; traduite par Paul de Chèvremont. |
| 260 ## - PUBLICACIÓN, DISTRIBUCIÓN, ETC. | |
| Lugar de publicación, distribución, etc. | Paris : |
| Nombre del editor, distribuidor, etc. | [s.n.], |
| Fecha de publicación, distribución, etc. | 1922 ( |
| Fabricante | Imp. Leve) |
| 300 ## - DESCRIPCIÓN FÍSICA | |
| Extensión | 504 p. ; |
| Dimensiones | 19 cm. |
| 505 8# - NOTA DE CONTENIDO CON FORMATO | |
| Nota de contenido con formato | Contiene: La mort de Paul1er.-- Le tzarevitch Alexis.-- Michel Bakounine.-- La joie sera. |
| 700 1# - ENTRADA AGREGADA--NOMBRE PERSONAL | |
| Nombre de persona | Chèvremont, Paul de. |
| 9 (RLIN) | 38437 |
| 700 1# - ENTRADA AGREGADA--NOMBRE PERSONAL | |
| Nombre de persona | Gramont, Michel de. |
| 9 (RLIN) | 59543 |
| 852 ## - LOCALIZACIÓN | |
| Ubicación | ES-MaACL |
| Número de control de estantería | F-12604 |
| Estatus retirado | Estado de pérdida | Estado de daño | No para préstamo | Biblioteca de origen | Biblioteca actual | Ubicación en estantería | Fecha de adquisición | Fuente de adquisición | Total de préstamos | Signatura topográfica completa | Código de barras | Visto por última vez | Precio de reemplazo | Tipo de ítem Koha |
|---|---|---|---|---|---|---|---|---|---|---|---|---|---|---|
| Biblioteca del Ateneo de Madrid | Biblioteca del Ateneo de Madrid | Sala Pecera Planta 2 | 17/01/2008 | F-12604 | 1107020 | 23/02/2023 | 23/02/2023 | Libro impreso |
